[Event "Cto de Aragon por Equipos D. Honor"]
[Site "?"]
[Date "2020.07.04"]
[Round "10.2"]
[White "Gines Esteo, Pedro Antonio"]
[Black "Glavina, Pablo"]
[Result "1/2-1/2"]
[WhiteElo "2482"]
[BlackElo "2405"]
[PlyCount "64"]
[EventDate "2020.01.25"]
[WhiteTeam "Jaime Casas"]
[BlackTeam "St. Casablanca A"]
[WhiteClock "0:00:35"]
[BlackClock "0:18:17"]

1. Nf3 {[%emt 0:00:18]} d5 {[%emt 0:00:08]} 2. g3 {[%emt 0:00:18]} Nf6 {[%emt
0:00:09]} 3. Bg2 {[%emt 0:00:07]} Bf5 {[%emt 0:00:11]} 4. c4 {[%emt 0:02:01]}
c6 {[%emt 0:00:25]} 5. O-O {[%emt 0:01:04]} e6 {[%emt 0:01:56]} 6. cxd5 {[%emt
0:01:21]} cxd5 {[%emt 0:00:37]} 7. Qb3 {[%emt 0:00:54]} Qb6 {[%emt 0:19:12]} 8.
Qxb6 {[%emt 0:03:13]} axb6 {[%emt 0:00:07]} 9. Nc3 {[%emt 0:02:28]} Nc6 {[%emt
0:00:28]} 10. d3 {[%emt 0:01:09]} h6 {[%emt 0:02:28]} 11. a3 {[%emt 0:22:20]}
Bc5 {[%emt 0:05:40]} 12. Bd2 {[%emt 0:12:07]} O-O {[%emt 0:00:29]} 13. b4 {
[%emt 0:04:06]} Be7 {[%emt 0:00:11]} 14. Nb5 {[%emt 0:05:16]} Nd7 {[%emt 0:00:
30]} 15. Rac1 {[%emt 0:01:43]} Rfc8 {[%emt 0:05:46]} 16. Rfe1 {[%emt 0:09:50]}
Bg6 {[%emt 0:14:00]} 17. Bh3 {[%emt 0:13:53]} f5 {[%emt 0:08:46]} 18. Nfd4 {
[%emt 0:04:41]} Bf7 {[%emt 0:04:45]} 19. e4 {[%emt 0:07:04]} Nxd4 {[%emt 0:05:
16]} 20. Nxd4 {[%emt 0:00:41]} Rxc1 {[%emt 0:00:14]} 21. Bxc1 {[%emt 0:00:20]}
Ne5 {[%emt 0:01:07]} 22. exf5 {[%emt 0:05:37]} Nxd3 {[%emt 0:00:05]} 23. Rd1 {
[%emt 0:00:02]} e5 {[%emt 0:03:52]} 24. Rxd3 {[%emt 0:00:26]} exd4 {[%emt 0:00:
04]} 25. Bb2 {[%emt 0:01:36]} Bf6 {[%emt 0:02:11]} 26. Bg2 Rc8 {[%emt 0:00:35]}
27. Bf3 {[%emt 0:00:55]} Rc3 {[%emt 0:01:35]} 28. Bxc3 {[%emt 0:00:36]} dxc3 {
[%emt 0:00:01]} 29. Bd1 {[%emt 0:00:32]} d4 {[%emt 0:00:03]} 30. Bc2 {[%emt 0:
00:17]} Bc4 {[%emt 0:00:16]} 31. Rd1 {[%emt 0:00:28]} Be2 {[%emt 0:01:02]} 32.
Rd3 {[%emt 0:00:44]} Kf8 {[%emt 0:05:51]} 1/2-1/2

[Event "Cto de Aragon por Equipos D. Honor"]
[Site "?"]
[Date "2020.07.04"]
[Round "10.3"]
[White "Quintin Navarro, Alberto"]
[Black "Antoli Royo, Joaquin Miguel"]
[Result "1-0"]
[WhiteElo "2378"]
[BlackElo "2435"]
[PlyCount "57"]
[EventDate "2020.01.25"]
[WhiteTeam "St. Casablanca A"]
[BlackTeam "Jaime Casas"]
[WhiteClock "0:19:11"]
[BlackClock "0:08:31"]

1. c4 {[%emt 0:00:02]} c5 {[%emt 0:08:12]} 2. Nc3 {[%emt 0:00:24]} Nc6 {[%emt
0:00:07]} 3. Nf3 {[%emt 0:00:22]} e5 {[%emt 0:00:57]} 4. e3 {[%emt 0:01:14]}
Nf6 {[%emt 0:00:22]} 5. Be2 {[%emt 0:01:04]} d5 {[%emt 0:04:11]} 6. cxd5 {
[%emt 0:00:09]} Nxd5 {[%emt 0:00:02]} 7. O-O {[%emt 0:00:31]} Be7 {[%emt 0:03:
35]} 8. Qc2 {[%emt 0:00:58]} O-O {[%emt 0:00:32]} 9. b3 {[%emt 0:03:24]} Bg4 {
[%emt 0:09:30]} 10. Bb2 {[%emt 0:04:48]} Ndb4 {[%emt 0:07:08]} 11. Qb1 {[%emt
0:02:26]} f5 {[%emt 0:05:01]} 12. a3 {[%emt 0:06:05]} e4 {[%emt 0:05:28]} 13.
axb4 {[%emt 0:03:07]} exf3 {[%emt 0:00:12]} 14. gxf3 {[%emt 0:05:26]} Bh3 {
[%emt 0:01:45]} 15. bxc5 {[%emt 0:00:59]} Bf6 {[%emt 0:10:35]} 16. Qd3 {[%emt
0:08:10]} Qe8 {[%emt 0:03:30]} 17. Kh1 {[%emt 0:03:09]} Kh8 {[%emt 0:05:02]}
18. Qc4 {[%emt 0:06:33]} Rd8 {[%emt 0:03:23]} 19. d4 {[%emt 0:07:45]} Nxd4 {
[%emt 0:06:04]} 20. exd4 {[%emt 0:06:49]} Rxd4 {[%emt 0:00:04]} 21. Qb5 {[%emt
0:01:14]} Qh5 {[%emt 0:01:28]} 22. f4 {[%emt 0:07:58]} Qh4 {[%emt 0:00:16]} 23.
Na4 {[%emt 0:04:26]} Rxf4 {[%emt 0:07:27]} 24. Qxb7 {[%emt 0:03:13]} Re4 {
[%emt 0:03:36]} 25. Bf3 {[%emt 0:02:15]} Qf4 {[%emt 0:01:28]} 26. Bxe4 {[%emt
0:02:07]} fxe4 {[%emt 0:00:08]} 27. f3 {[%emt 0:00:26]} Bxb2 {[%emt 0:05:09]}
28. Nxb2 {[%emt 0:00:18]} exf3 {[%emt 0:00:43]} 29. Rf2 {[%emt 0:04:39]} 1-0

[Event "Cto de Aragon por Equipos D. Honor"]
[Site "?"]
[Date "2020.07.04"]
[Round "10.4"]
[White "Eizaguerri Floris, Maria"]
[Black "Vela Frago, Alberto"]
[Result "1/2-1/2"]
[WhiteElo "2014"]
[BlackElo "2040"]
[PlyCount "156"]
[EventDate "2020.01.25"]
[WhiteTeam "Jaime Casas"]
[BlackTeam "St. Casablanca A"]
[WhiteClock "0:01:53"]
[BlackClock "0:03:27"]

1. e4 {[%emt 0:00:04]} e5 {[%emt 0:00:20]} 2. Nf3 {[%emt 0:00:09]} Nc6 {[%emt
0:00:16]} 3. Bc4 {[%emt 0:00:18]} Nf6 {[%emt 0:00:28]} 4. d3 {[%emt 0:00:14]}
Bc5 {[%emt 0:00:33]} 5. c3 {[%emt 0:00:06]} d6 {[%emt 0:00:04]} 6. Bb3 {[%emt
0:00:37]} a5 {[%emt 0:01:19]} 7. a4 {[%emt 0:03:59]} O-O {[%emt 0:00:34]} 8.
O-O {[%emt 0:00:34]} Be6 {[%emt 0:02:40]} 9. Nbd2 {[%emt 0:03:02]} Bxb3 {[%emt
0:03:54]} 10. Qxb3 {[%emt 0:00:18]} Qd7 {[%emt 0:00:11]} 11. Nc4 {[%emt 0:04:
00]} h6 {[%emt 0:03:46]} 12. Be3 {[%emt 0:12:18]} Bxe3 {[%emt 0:00:20]} 13.
Nxe3 {[%emt 0:01:56]} b6 {[%emt 0:01:57]} 14. Nh4 {[%emt 0:05:50]} Qe6 {[%emt
0:06:53]} 15. Qxe6 {[%emt 0:18:43]} fxe6 {[%emt 0:00:02]} 16. Ng6 {[%emt 0:00:
29]} Rf7 {[%emt 0:07:00]} 17. f4 {[%emt 0:03:01]} Kh7 {[%emt 0:01:28]} 18. f5 {
[%emt 0:06:52]} exf5 {[%emt 0:01:26]} 19. exf5 {[%emt 0:00:06]} d5 {[%emt 0:01:
56]} 20. Rae1 {[%emt 0:00:39]} Re8 {[%emt 0:06:06]} 21. h3 {[%emt 0:03:43]} Nb8
{[%emt 0:07:44]} 22. g4 {[%emt 0:07:39]} Nbd7 {[%emt 0:02:10]} 23. Nd1 {[%emt
0:03:04]} e4 {[%emt 0:07:00]} 24. d4 {[%emt 0:04:07]} c6 {[%emt 0:10:27]} 25.
Ne3 {[%emt 0:01:11]} Nf8 {[%emt 0:01:45]} 26. Ne5 {[%emt 0:01:50]} Rc7 {[%emt
0:00:23]} 27. h4 {[%emt 0:08:15]} N6d7 {[%emt 0:02:13]} 28. Nxd7 {[%emt 0:00:
33]} Rxd7 {[%emt 0:03:33]} 29. Rf2 {[%emt 0:03:28]} Kg8 {[%emt 0:04:58]} 30.
Ng2 {[%emt 0:02:11]} Nh7 {[%emt 0:00:42]} 31. Nf4 {[%emt 0:00:41]} Rf7 {[%emt
0:02:07]} 32. Ng6 {[%emt 0:01:05]} Nf6 {[%emt 0:03:47]} 33. Ne5 {[%emt 0:01:52]
} Rxe5 {[%emt 0:02:24]} 34. dxe5 {[%emt 0:00:08]} Nxg4 {[%emt 0:00:03]} 35. e6
{[%emt 0:00:09]} Rf6 {[%emt 0:00:01]} 36. Rg2 {[%emt 0:02:57]} Ne5 {[%emt 0:01:
40]} 37. e7 {[%emt 0:00:21]} Kf7 {[%emt 0:00:41]} 38. Rxg7+ {[%emt 0:00:06]}
Ke8 39. Rf1 {[%emt 0:02:34]} Nf3+ {[%emt 0:00:46]} 40. Rxf3 {[%emt 0:00:24]}
exf3 {[%emt 0:00:01]} 41. Kf2 {[%emt 0:00:45]} Rxf5 {[%emt 0:01:41]} 42. Rg6 {
[%emt 0:00:15]} Rh5 {[%emt 0:01:41]} 43. Rxc6 {[%emt 0:00:34]} Rxh4 {[%emt 0:
00:27]} 44. Rxb6 {[%emt 0:00:08]} Rxa4 {[%emt 0:00:28]} 45. Rxh6 {[%emt 0:00:
45]} Kxe7 {[%emt 0:02:34]} 46. Kxf3 {[%emt 0:00:09]} Ra2 {[%emt 0:00:47]} 47.
Rb6 {[%emt 0:00:06]} Kd7 {[%emt 0:03:00]} 48. Ke3 {[%emt 0:00:11]} Kc7 {[%emt
0:00:14]} 49. Rb5 {[%emt 0:00:09]} Kc6 {[%emt 0:00:06]} 50. Rb8 {[%emt 0:00:04]
} Ra1 {[%emt 0:00:13]} 51. Rc8+ {[%emt 0:00:20]} Kd6 {[%emt 0:00:36]} 52. Kd3 {
[%emt 0:00:07]} Ra4 {[%emt 0:02:32]} 53. Kc2 {[%emt 0:00:46]} Rh4 {[%emt 0:00:
58]} 54. Kb3 {[%emt 0:00:20]} Rh7 {[%emt 0:01:47]} 55. Ra8 {[%emt 0:00:07]}
Rb7+ {[%emt 0:00:06]} 56. Ka3 {[%emt 0:00:15]} Rb5 {[%emt 0:00:30]} 57. Rc8 {
[%emt 0:03:22]} Rb7 {[%emt 0:01:32]} 58. Ka2 {[%emt 0:00:52]} Ra7 {[%emt 0:00:
54]} 59. Kb3 {[%emt 0:00:20]} Rb7+ {[%emt 0:01:21]} 60. Kc2 {[%emt 0:00:33]}
Ra7 {[%emt 0:00:35]} 61. Kb3 {[%emt 0:00:32]} Rb7+ {[%emt 0:00:06]} 62. Ka3 {
[%emt 0:00:27]} Rb5 {[%emt 0:01:52]} 63. Ra8 {[%emt 0:00:46]} Kc6 {[%emt 0:01:
08]} 64. Ra7 {[%emt 0:00:19]} Kb6 {[%emt 0:00:31]} 65. Rh7 {[%emt 0:00:12]} Kc6
{[%emt 0:00:40]} 66. Rh8 {[%emt 0:00:14]} Rb7 {[%emt 0:00:52]} 67. Rc8+ {[%emt
0:00:14]} Kb5 {[%emt 0:00:30]} 68. Rd8 {[%emt 0:00:27]} Kc4 {[%emt 0:00:58]}
69. Rc8+ {[%emt 0:00:33]} Kb5 {[%emt 0:00:09]} 70. Kb3 {[%emt 0:01:02]} Ka6+ {
[%emt 0:01:29]} 71. Kc2 {[%emt 0:00:15]} Kb5 {[%emt 0:00:35]} 72. Rd8 {[%emt 0:
01:02]} Kc5 {[%emt 0:00:06]} 73. Ra8 {[%emt 0:00:18]} Kb5 {[%emt 0:00:15]} 74.
Rd8 {[%emt 0:00:34]} Kc5 {[%emt 0:00:12]} 75. Rc8+ {[%emt 0:00:26]} Kb5 {[%emt
0:00:09]} 76. Rd8 {[%emt 0:00:27]} Kc5 {[%emt 0:00:05]} 77. Ra8 {[%emt 0:00:05]
} Kb5 {[%emt 0:00:04]} 78. Rd8 {[%emt 0:00:05]} Kc5 {[%emt 0:00:04]} 1/2-1/2

[Event "Cto de Aragon por Equipos D. Honor"]
[Site "?"]
[Date "2020.07.04"]
[Round "10.5"]
[White "Palacios Herrero, Pablo"]
[Black "Del Rey, Diego"]
[Result "0-1"]
[WhiteElo "2221"]
[BlackElo "2381"]
[PlyCount "118"]
[EventDate "2020.01.25"]
[WhiteTeam "Palacio De Pioneros A"]
[BlackTeam "El Olivar"]

1. e4 c6 2. d4 d5 3. Nd2 dxe4 4. Nxe4 Bf5 5. Ng3 Bg6 6. h4 h6 7. Nf3 Nd7 8. h5
Bh7 9. Bd3 Bxd3 10. Qxd3 e6 11. Bd2 Bd6 12. Ne4 Bc7 13. O-O-O Ngf6 14. Kb1 Nxe4
15. Qxe4 Nf6 16. Qe2 Qd5 17. Ne5 Qe4 18. Be3 Nd5 19. Nc4 O-O-O 20. Nd2 Qh7 21.
Nb3 Rhe8 22. a3 Kb8 23. g4 e5 24. Qf3 f6 25. dxe5 fxe5 26. Rhg1 Rf8 27. Qe2 b6
28. Qc4 Rd6 29. a4 Rfd8 30. Rde1 a5 31. Bd2 Rf6 32. g5 Rxf2 33. g6 Qg8 34. Qxc6
Ne7 35. Qc3 Qd5 36. Rgf1 Rdf8 37. Rxf2 Rxf2 38. Qe3 Qf3 39. Qxf3 Rxf3 40. Nd4
Rf6 41. Nb5 Rf5 42. Bc3 Nc6 43. Rh1 Kc8 44. Kc1 Bb8 45. Kd2 Kd7 46. Ke3 Ke6 47.
b3 Ne7 48. Bb2 Nd5+ 49. Kd2 Nf6 50. Re1 Rxh5 51. Nd4+ Kd7 52. Nf3 Ng4 53. Re4
Nh2 54. Ne1 Rg5 55. Nd3 Rxg6 56. Bxe5 Nf3+ 57. Ke3 Nxe5 58. Rxe5 Rg3+ 59. Kf2
Rxd3 0-1

[Event "Cto de Aragon por Equipos D. Honor"]
[Site "?"]
[Date "2020.07.04"]
[Round "10.6"]
[White "Villuendas Valero, Adrian"]
[Black "Romero Pallares, Daniel"]
[Result "0-1"]
[WhiteElo "2265"]
[BlackElo "2184"]
[PlyCount "106"]
[EventDate "2020.01.25"]
[WhiteTeam "El Olivar"]
[BlackTeam "Palacio De Pioneros A"]

1. e4 c5 2. Nc3 d6 3. Nge2 Nf6 4. d4 cxd4 5. Nxd4 a6 6. Bc4 e6 7. O-O b5 8. Bb3
Be7 9. Qf3 Qc7 10. Qg3 O-O 11. Bh6 Ne8 12. Be3 Bb7 13. f3 Nd7 14. a3 Nb6 15.
Qf2 Nc4 16. Bxc4 Qxc4 17. Nb3 Nf6 18. Na5 Qc7 19. Bb6 Qc8 20. Rfd1 Nd7 21. Bd4
Rd8 22. Qg3 Bf8 23. Rd2 Qc7 24. Nxb7 Qxb7 25. Rad1 Rac8 26. Ne2 a5 27. Kh1 b4
28. axb4 axb4 29. c3 Nb6 30. Bxb6 Qxb6 31. cxb4 Rc4 32. b5 Qxb5 33. Nc3 Qb8 34.
Ra1 Rb4 35. Qf2 Rd7 36. Qe2 Rdb7 37. Ra2 Be7 38. Rc2 Bf6 39. Qd2 h6 40. h3 Kh7
41. Qd3 g6 42. Qd2 Rb3 43. Nd1 R7b4 44. Qe2 Kg7 45. Qd2 Rd4 46. Qe2 d5 47. Nc3
Rdb4 48. Nd1 dxe4 49. fxe4 Qf4 50. Nf2 Re3 51. Qd1 Rd4 52. Qg1 Rdxe4 53. Nxe4
Qxe4 0-1

[Event "Cto de Aragon por Equipos D. Honor"]
[Site "?"]
[Date "2020.07.04"]
[Round "10.7"]
[White "Dan, Teodor"]
[Black "Hernando Garcia, Antonio"]
[Result "1/2-1/2"]
[WhiteElo "2094"]
[BlackElo "2120"]
[PlyCount "85"]
[EventDate "2020.01.25"]
[WhiteTeam "Palacio De Pioneros A"]
[BlackTeam "El Olivar"]

1. d4 d5 2. c4 e6 3. Nc3 Nf6 4. Bg5 Be7 5. e3 O-O 6. Nf3 Nbd7 7. Rc1 c6 8. Qc2
Re8 9. Bd3 dxc4 10. Bxc4 Nd5 11. Bxe7 Qxe7 12. Ne2 N5f6 13. O-O h6 14. Nf4 Nd5
15. Ne2 N5f6 16. Nf4 Nd5 17. Ne2 N5f6 18. a3 b6 19. e4 Bb7 20. e5 Nd5 21. Ba2
Rec8 22. Bb1 Nf8 23. Qe4 c5 24. Qg4 Ba6 25. Rfe1 Bxe2 26. Rxe2 cxd4 27. Rd1 Rc5
28. Nxd4 Rac8 29. Nb3 Rc4 30. Qf3 Qg5 31. Bd3 Rf4 32. Qg3 Rg4 33. Qf3 Nf4 34.
g3 Nxe2+ 35. Bxe2 h5 36. Qb7 Rd8 37. Bxg4 hxg4 38. Re1 Rd3 39. Nc1 Rd2 40. Qxa7
Rxb2 41. Nd3 Rb5 42. Qa6 Ra5 43. Qxb6 1/2-1/2

[Event "Cto de Aragon por Equipos D. Honor"]
[Site "?"]
[Date "2020.07.04"]
[Round "10.8"]
[White "Galstyan, David"]
[Black "Sanjuan Segura, Ignacio"]
[Result "1/2-1/2"]
[WhiteElo "1825"]
[BlackElo "1719"]
[PlyCount "113"]
[EventDate "2020.01.25"]
[WhiteTeam "El Olivar"]
[BlackTeam "Palacio De Pioneros A"]

1. e4 c5 2. Nf3 Nc6 3. d4 cxd4 4. Nxd4 Nf6 5. Nc3 e5 6. Ndb5 d6 7. Bg5 a6 8.
Bxf6 gxf6 9. Na3 b5 10. Nd5 f5 11. Ne3 fxe4 12. g3 Bb7 13. Bg2 Nd4 14. c3 Nf3+
15. Bxf3 exf3 16. Nd5 Bg7 17. Qxf3 Rb8 18. Nc2 O-O 19. O-O-O f5 20. Rhg1 a5 21.
Nce3 Kh8 22. Qh5 b4 23. cxb4 axb4 24. g4 fxg4 25. Rxg4 Bxd5 26. Nxd5 Rxf2 27.
Rh4 h6 28. Rg1 Qc8+ 29. Nc3 Rf6 30. Qg5 Qf8 31. Ne4 Rf1+ 32. Kd2 Rxg1 33. Qxg1
b3 34. a3 Rc8 35. Qe3 Rc2+ 36. Ke1 Rxb2 37. Nd2 d5 38. Qc3 Rc2 39. Qd3 Rc1+ 40.
Ke2 b2 41. Rb4 e4 42. Qxd5 b1=Q 43. Rxb1 Rxb1 44. Nxb1 Qf3+ 45. Ke1 Qh1+ 46.
Ke2 Qxb1 47. Ke3 Qe1+ 48. Kf4 e3 49. Qa8+ Kh7 50. Qe4+ Kg8 51. Qe8+ Bf8 52.
Qg6+ Kh8 53. Qf6+ Kg8 54. Qg6+ Bg7 55. Qe8+ Kh7 56. Qe4+ Kg8 57. Qe8+ 1/2-1/2

[Event "Cto de Aragon por Equipos D. Honor"]
[Site "?"]
[Date "2020.07.04"]
[Round "10.9"]
[White "Antonano Fedz-Quincoces, Avelino"]
[Black "Luis Vitalla, Fernando"]
[Result "1-0"]
[WhiteElo "2041"]
[BlackElo "2115"]
[PlyCount "61"]
[EventDate "2020.01.25"]
[WhiteTeam "St. Casablanca B"]
[BlackTeam "Atletismo Huesca"]

1. e4 d5 2. exd5 Qxd5 3. Nf3 Bg4 4. Be2 Nc6 5. d4 O-O-O 6. c4 Qf5 7. Be3 Bxf3
8. Bxf3 Nxd4 9. Bg4 Nc2+ 10. Qxc2 Qxg4 11. O-O a6 12. b4 Nf6 13. b5 axb5 14.
cxb5 Qe4 15. Qc1 e6 16. Nd2 Qd3 17. b6 c6 18. Nf3 Bd6 19. Rd1 Qa3 20. Qc2 Nd5
21. Bd4 f6 22. Nd2 Bb8 23. Nc4 Qe7 24. Na5 Nb4 25. Qa4 Rxd4 26. Rxd4 Be5 27.
Rxb4 Bxa1 28. Nxc6 bxc6 29. Qxc6+ Kb8 30. Ra4 Qb7 31. Qd6+ 1-0

[Event "Cto de Aragon por Equipos D. Honor"]
[Site "?"]
[Date "2020.07.04"]
[Round "10.10"]
[White "Gella Lopez, Angel"]
[Black "Ayensa Garcia, Miguel Angel"]
[Result "0-1"]
[WhiteElo "2083"]
[BlackElo "1970"]
[PlyCount "76"]
[EventDate "2020.01.25"]
[WhiteTeam "Atletismo Huesca"]
[BlackTeam "St. Casablanca B"]

1. d4 Nf6 2. c4 e6 3. g3 c5 4. d5 exd5 5. cxd5 d6 6. Nc3 g6 7. Bg2 Bg7 8. Nf3
O-O 9. O-O a6 10. a4 Re8 11. Nd2 Nbd7 12. h3 Nh5 13. Nde4 Qc7 14. g4 Nhf6 15.
Bf4 Nxe4 16. Nxe4 Rxe4 17. Bxe4 Bxb2 18. Rb1 Bg7 19. Qd2 Nf6 20. Bg2 Bd7 21.
Bh6 Bh8 22. Bg5 b5 23. Qf4 Ne8 24. axb5 axb5 25. Qe4 c4 26. f4 f5 27. Qe7 fxg4
28. Bh6 Nf6 29. Qe3 Re8 30. Qf2 gxh3 31. Bf3 Ne4 32. Bxe4 Rxe4 33. e3 Qc5 34.
f5 Rg4+ 35. Kh1 Qxd5+ 36. Qf3 Qxf3+ 37. Rxf3 Bc6 38. Rbf1 Rg3 0-1

[Event "Cto de Aragon por Equipos D. Honor"]
[Site "?"]
[Date "2020.07.04"]
[Round "10.11"]
[White "Sanjulian Arruga, Pablo"]
[Black "Gella Bitrian, Diego"]
[Result "0-1"]
[WhiteElo "1961"]
[BlackElo "2068"]
[PlyCount "76"]
[EventDate "2020.01.25"]
[WhiteTeam "St. Casablanca B"]
[BlackTeam "Atletismo Huesca"]

1. c4 Nf6 2. Nc3 g6 3. e4 d6 4. d4 Bg7 5. Be2 O-O 6. Nf3 e5 7. d5 a5 8. Bg5 h6
9. Be3 Ng4 10. Bd2 f5 11. h3 Nf6 12. exf5 gxf5 13. Qc1 f4 14. g3 Nh5 15. g4 Nf6
16. Qc2 Nh7 17. Ne4 Qe7 18. O-O-O Na6 19. Rdg1 Bd7 20. a3 c6 21. Bd3 cxd5 22.
Nc3 Nf6 23. Nh4 e4 24. Ng6 Qf7 25. Nxf8 exd3 26. Qxd3 dxc4 27. Qg6 Rxf8 28.
Qxf7+ Kxf7 29. Bxf4 Bc6 30. Rh2 d5 31. Ne2 Nc5 32. Be3 Nd3+ 33. Kc2 Ne4 34. Nd4
Rc8 35. Nf5 Ba4+ 36. Kb1 Bxb2 37. Bd4 Nd2+ 38. Ka2 Bb3# 0-1

[Event "Cto de Aragon por Equipos D. Honor"]
[Site "?"]
[Date "2020.07.04"]
[Round "10.12"]
[White "Laplaza Ara, Carlos"]
[Black "Lazaro Abadias, Andres"]
[Result "1-0"]
[WhiteElo "1944"]
[BlackElo "1528"]
[PlyCount "67"]
[EventDate "2020.01.25"]
[WhiteTeam "Atletismo Huesca"]
[BlackTeam "St. Casablanca B"]

1. d4 d5 2. Nf3 c6 3. c4 e6 4. Nc3 dxc4 5. a4 Bb4 6. e3 b5 7. Bd2 Nf6 8. b3 a5
9. bxc4 Bxc3 10. Bxc3 b4 11. Bb2 Nbd7 12. Bd3 c5 13. O-O O-O 14. Qe2 Qe7 15.
Rfd1 Bb7 16. e4 Rac8 17. d5 e5 18. Nd2 Nb6 19. Rf1 Ne8 20. f4 f6 21. fxe5 fxe5
22. Rxf8+ Kxf8 23. Qh5 Kg8 24. Qxe5 Qd7 25. Nb3 Nxa4 26. Nxa5 Nxb2 27. Qxb2 Nf6
28. e5 Ng4 29. h3 Nh6 30. e6 Qc7 31. Nxb7 Qxb7 32. Qe5 Rd8 33. d6 Qc6 34. e7
1-0